Science Quiz

Random Science or Chemistry Quiz

Latin Chemical Elements Quiz Stats

 Plays Quiz Updated Jan 10, 2020

Support Sporcle.
Go Orange.
Score 0/10 Timer 05:00
0 Plays Today
English name Latin name % Correct
LeadPlumbum
76.2%
GoldAurum
72.1%
IronFerrum
71.6%
CopperCuprum
56.3%
SilverArgentum
54.6%
Sodium *Natrium
45.2%
Potassium *Kalium
33.8%
TinStannum
33.6%
AntimonyStibium
22%
MercuryHydrargyrum
16.6%

From the Vault

Piano Key Blitz

by Stanford0008

Music 30s
We think this quiz is just grand.
Remove Ads.
Support Sporcle.
Get the best of Sporcle when you Go Orange. This ad-free experience offers more features, more stats, and more fun while also helping to support Sporcle. Thank you for becoming a member.

Show Comments

Extras

Top Quizzes Today


Score Distribution

Your Account Isn't Verified!

In order to create a playlist on Sporcle, you need to verify the email address you used during registration. Go to your Sporcle Settings to finish the process.

Report this User

Report this user for behavior that violates our Community Guidelines.

Details: